000
00200 a2200097 4500
001
11806
100
_a
245
_a
Everyman's united nations
260
_a
_b
United Nations
_c
090
_c
9062
_d
9062
942
_a
NUST-CAE
_c
M
_c
35892
999
_c
246879
_d
246879